|
|
|
|
| LEADER |
01046nab#a2200373#ar4500 |
| 001 |
000120421 |
| 003 |
SVKKK |
| 005 |
20170929130632.0 |
| 008 |
170929c2017 xo |||||||||||||||b|slo |
| FMT |
|
|
|
| 015 |
|
|
|a SNBRB2017/09
|
| 038 |
|
|
|a SVKKK
|
| 040 |
|
|
|a SVKKK
|b slo
|e AACR2
|
| 041 |
0 |
|
|a slo
|
| 044 |
|
|
|a xo
|c SK
|
| 080 |
|
|
|a 502.17
|2 2011
|
| 080 |
|
|
|a 628.4
|2 2011
|
| 245 |
1 |
0 |
|a Jarné upratovanie
|b zvolenskí žiaci vyzbierali tri tony odpadu
|c kolektív
|
| 300 |
|
|
|b Obr.
|
| 630 |
0 |
4 |
|a Spolu vyzbierame viac (kampaň)
|
| 650 |
0 |
4 |
|a ochrana životného prostredia
|
| 650 |
0 |
4 |
|a odpadové hospodárstvo
|
| 650 |
0 |
4 |
|a zber odpadu
|
| 650 |
0 |
4 |
|a základné školy
|
| 650 |
0 |
4 |
|a likvidácia čiernych skládok
|
| 651 |
|
4 |
|a Zvolen (Slovensko)
|
| 773 |
0 |
|
|t Odpady (Minimalizácia, zhodnocovanie a zneškodňovanie)
|g Roč. 17, č. 5 (2017), s. 21
|x 1335-7808
|
| 974 |
|
|
|a Va
|
| 992 |
|
|
|a RBX
|
| BAS |
|
|
|
| 852 |
|
|
|a SVKKK
|b BIB
|
| 856 |
4 |
1 |
|a http://epos.sk/images/stories/ODPADY/Odpady_5-2017web.pdf
|
| EXP |
|
|
|
| 998 |
|
|
|a GEO
|